| 000 | 00371 a2200169 4500 | ||
|---|---|---|---|
| 001 | 191576 | ||
| 020 | _a978-85-250-4816-5 | ||
| 040 | _cMagnum | ||
| 100 | _aLobato, Monteiro | ||
| 240 | 1 | 0 |
_aA reforma da natureza _lpor |
| 245 | 1 | 0 | _aA reforma da natureza |
| 300 | _a70 | ||
| 362 | 0 | _a2010 | |
| 440 | 1 | _aGlobo | |
| 697 | _aLITERATURA INFANTO-JUVENIL | ||
| 942 | _cBK | ||
| 999 |
_c191576 _d191576 |
||